| 000 | 01128nam a22002177a 4500 | ||
|---|---|---|---|
| 003 | BUBTL | ||
| 008 | 230108b ||||| |||| 00| 0 eng d | ||
| 020 | _a9789848143568 | ||
| 082 | _a954.92/ Ah52d/ 2021 | ||
| 100 |
_95145 _aআহমদ, ফোরকান |
||
| 245 |
_aড. জসীম উদ্দিন আহমেদের ভাষার জন্য লড়াই ভাষার সমৃদ্ধির লড়াই / _cফোরকান আহমদ |
||
| 250 | _a 1st Edn. | ||
| 260 |
_aঢাকা: _bপালক পাবলিশার্স, _cc2021 |
||
| 300 |
_a540 p.: _c22.5 cm |
||
| 505 | _aড. জসীম উদ্দিন আহমেদ, ড. জসীম উদ্দিন আহমেদের ভাষার জন্য লড়াই ভাষার সমৃদ্ধির লড়াই, ফোরকান আহমদ, ভাষা আন্দোলন, Language Movement | ||
| 650 | 0 |
_95146 _aভাষা আন্দোলন |
|
| 650 | 0 |
_95147 _aLanguage Movement |
|
| 856 |
_k0 _l0 _yDownload |
||
| 942 |
_2ddc _cBK |
||
| 999 |
_c6904 _d6904 |
||